000 00771nam a22002297a 4500
003 BUBTL
008 240423b ||||| |||| 00| 0 eng d
020 _a9788120350342
041 _aeng
082 _a658.854/ Sr34s/ 2023
100 _95703
_aSrinivasan, R.
245 _aService Marketing:
_bThe Indian Context /
250 _a4th ed
260 _aDelhi:
_bPHI Learning Private Limited,
_cc2023
300 _axvi, 283 p. :
_c24 cm.
500 _aIncludes Index
505 _aUnderstanding Services, Service and Economy of a country, Issue in Marketing of Services, Consumer Decision Process and Ethical Issues, Service Delivery Process
650 0 _953
_aMarketing
856 _k0
_l0
_yDownload
942 _2ddc
_cBK
999 _c7311
_d7311